| 000 | 01698nam a2200361 a 4500 | ||
|---|---|---|---|
| 001 | ebr10563554 | ||
| 003 | CaPaEBR | ||
| 006 | m u | ||
| 007 | cr cn||||||||| | ||
| 008 | 120227s2012 si a sb 100 0 eng d | ||
| 010 | _z 2012330071 | ||
| 020 | _z9814287903 | ||
| 020 | _z9789814287906 | ||
| 020 | _z9789814287913 (e-book) | ||
| 040 |
_aCaPaEBR _cCaPaEBR |
||
| 035 | _a(OCoLC)775296789 | ||
| 043 | _aa-cc--- | ||
| 050 | 1 | 4 |
_aHD31 _b.C45 2012eb |
| 082 | 0 | 4 |
_a658.400951 _222 |
| 245 | 0 | 0 |
_aChina's reality and global vision _h[electronic resource] : _bmanagement research and development in China / _ceditors, Siwei Cheng ... [et al.]. |
| 260 |
_aSingapore ; _aHackensack, N.J. : _bWorld Scientific, _cc2012. |
||
| 300 |
_aix, 348 p. : _bill. |
||
| 500 | _a"This book presents the highlight of the third CSM national annual conference"--P. v. | ||
| 504 | _aIncludes bibliographical references. | ||
| 505 | 0 | _apt. 1. Current issues in China's economic development -- pt. 2. Management innovations -- pt. 3. Globalization of Chinese enterprises -- pt. 4. Achievements in information technology and knowledge management -- pt. 5. Management challenges from Chinese society. | |
| 533 |
_aElectronic reproduction. _bPalo Alto, Calif. : _cebrary, _d2011. _nAvailable via World Wide Web. _nAccess may be limited to ebrary affiliated libraries. |
||
| 650 | 0 |
_aManagement _zChina _vCongresses. |
|
| 650 | 0 |
_aManagement _xResearch _zChina _vCongresses. |
|
| 655 | 7 |
_aElectronic books. _2local |
|
| 700 | 1 | _aCheng, Siwei. | |
| 710 | 2 | _aebrary, Inc. | |
| 856 | 4 | 0 |
_uhttp://site.ebrary.com/lib/rucke/Doc?id=10563554 _zAn electronic book accessible through the World Wide Web; click to view |
| 999 |
_c95389 _d95389 |
||